|
|
|
|
| LEADER |
00000nam0a2200000 4500 |
| 001 |
84675 |
| 005 |
20231031100704.0 |
| 010 |
|
|
|a 5288034990
|
| 035 |
|
|
|a (RuTPU)RU\TPU\book\91001
|
| 090 |
|
|
|a 84675
|
| 100 |
|
|
|a 20051102d2004 m y0rusy50 ca
|
| 101 |
0 |
|
|a rus
|
| 102 |
|
|
|a RU
|
| 105 |
|
|
|a a j 000zy
|
| 200 |
1 |
|
|a Физика. Решение задач повышенной сложности :по материалам городских олимпиад школьников
|f С. Н. Манида
|g Санкт-Петербургский государственный университет
|
| 205 |
|
|
|a 2-е изд.
|
| 210 |
|
|
|a СПб.
|c Изд-во СПбГУ
|d 2004
|
| 215 |
|
|
|a 440 с.
|c ил.
|
| 225 |
1 |
|
|a Петербургский университет-школе
|
| 225 |
1 |
|
|a Студентам. Учителям. Школьникам
|
| 610 |
1 |
|
|a физика
|
| 610 |
1 |
|
|a физические олимпиады
|
| 610 |
1 |
|
|a задачи
|
| 610 |
1 |
|
|a решения
|
| 610 |
1 |
|
|a повышенная сложность
|
| 610 |
1 |
|
|a динамика
|
| 610 |
1 |
|
|a движение
|
| 610 |
1 |
|
|a закон всемирного тяготения
|
| 610 |
1 |
|
|a механические колебания
|
| 610 |
1 |
|
|a законы сохранения
|
| 610 |
1 |
|
|a статика
|
| 610 |
1 |
|
|a кинематика
|
| 610 |
1 |
|
|a термодинамика
|
| 610 |
1 |
|
|a электростатика
|
| 610 |
1 |
|
|a электрический ток
|
| 610 |
1 |
|
|a геометрическая оптика
|
| 610 |
1 |
|
|a учебные пособия
|
| 675 |
|
|
|a 53(076)
|v 3
|
| 700 |
|
1 |
|a Манида
|b С. Н.
|g Сергей Николаевич
|
| 712 |
0 |
2 |
|a Санкт-Петербургский государственный университет
|2 stltpush
|3 (RuTPU)RU\TPU\col\62
|
| 801 |
|
1 |
|a RU
|b 63413507
|c 20051102
|g PSBO
|
| 801 |
|
2 |
|a RU
|b 63413507
|c 20051202
|g PSBO
|
| 942 |
|
|
|c BK
|
| 959 |
|
|
|a 87/20051102
|d 10
|e 126,00
|f НФ:10
|